000
00366nam a22001577a 4500
003
MPLRDC
005
20220104123429.0
008
210129b ||||| |||| 00| 0 eng d
082
_a
413.916 MSY
100
_a
宓世楹译
245
_a
图解简易指压
_c
260
_a
_b
四季出版公司
_c
300
_b
平
650
_a
指压
942
_c
BK
_o
413.916 MSY
999
_c
11360
_d
11350